000 01169cam a2200373Mi 4500
001 50345
005 20230411090002.0
008 020617s2002 fr 000 0 fre d
035 _a(OCoLC)ocm50477873
040 _aTZT
_cTZT
_dLVB
_dOCLCQ
_dRLINP
020 _a2706110449
020 _a9782706110443
029 0 _aTZT
_bJTL00094247
035 _a(OCoLC)50477873
072 7 _aHM
_2lcco
082 1 4 _a300
_21
049 _aGRAL
100 1 _aJoule, Robert-Vincent.
245 1 0 _aPetit traite de manipulation a l'usage des honnetes gens /
_cRobert-Vincent Joule, Jean-Leon Beauvois.
250 _aNouv. version.
260 _aGrenoble :
_bPresses universitaires de Grenoble,
_c2002.
300 _a286 p.
653 _aManipulation
_aSocial Psychology
650 6 _aManipulation (Psychologie)
650 6 _aEngagement.
650 6 _aPsychologie sociale.
650 7 _aPersuasion (psychologie)
_2ram
650 7 _aInfluence (psychologie)
_2ram
650 7 _aManipulation (psychologie)
_2ram
700 1 _aBeauvois, Jean-Lâeon.
938 _aJean Touzot Libraire Editeur
_bTOUZ
_nJTL00094247
_c19,90 EURO
942 _2lcc
_cbk
994 _aC0
_bDRFGD
999 _c110424
_d110424